|
|
|
|
| LEADER |
01758nim a2200517 i 4500 |
| 001 |
001784157 |
| 003 |
CZ BrMZK |
| 005 |
20210504080507.0 |
| 007 |
sd fungnnmmned |
| 008 |
210208t20202020xr ||nng f n cze |
| 015 |
|
|
|a cnb003259175
|
| 024 |
3 |
|
|a 8590236108523
|
| 028 |
0 |
1 |
|a CR1085-2
|b Radioservis
|
| 040 |
|
|
|a BOA001
|b cze
|e rda
|
| 072 |
|
7 |
|a 821.162.3-3
|x Česká próza
|2 Konspekt
|9 25
|
| 080 |
|
|
|a 821.162.3-32
|2 MRF
|
| 080 |
|
|
|a (0:82-322.4)
|2 MRF
|
| 080 |
|
|
|a (0:82-25)7.096
|2 MRF
|
| 080 |
|
|
|a (086.76)
|2 MRF
|
| 100 |
1 |
|
|a Mareš, Josef,
|d 1964-
|7 ola2017937474
|4 aut
|
| 245 |
1 |
0 |
|a Okno smrti /
|c Josef Mareš
|
| 264 |
|
1 |
|a [Praha] :
|b Radioservis,
|c [2020]
|
| 264 |
|
4 |
|c ℗2020
|
| 300 |
|
|
|a 1 CD audio (45 min.) ;
|c 12 cm
|
| 306 |
|
|
|a 004500
|
| 336 |
|
|
|a mluvené slovo
|b spw
|2 rdacontent
|
| 337 |
|
|
|a audio
|b s
|2 rdamedia
|
| 338 |
|
|
|a audiodisk
|b sd
|2 rdacarrier
|
| 344 |
|
|
|a digital
|b optical
|2 rda
|
| 347 |
|
|
|a audio soubor
|b CD audio
|2 rda
|
| 500 |
|
|
|a Název z disku
|
| 500 |
|
|
|a Fonogram Český rozhlas
|
| 508 |
|
|
|a Režie Martina Schlegelová
|
| 511 |
0 |
|
|a Hrají Viktor Preiss a Václav Neužil
|
| 655 |
|
7 |
|a české povídky
|7 fd133971
|2 czenas
|
| 655 |
|
7 |
|a detektivní povídky
|7 fd132008
|2 czenas
|
| 655 |
|
7 |
|a rozhlasové hry
|7 fd133298
|2 czenas
|
| 655 |
|
7 |
|a audioknihy
|7 fd119452
|2 czenas
|
| 655 |
|
7 |
|a kompaktní disky
|7 fd201991
|2 czenas
|
| 700 |
1 |
|
|a Schlegelová, Martina,
|d 1981-
|7 js20060721019
|4 drt
|
| 700 |
1 |
|
|a Preiss, Viktor,
|d 1947-
|7 jn19990218086
|4 act
|
| 700 |
1 |
|
|a Neužil, Václav,
|d 1979-
|7 pna2010554465
|4 act
|
| 910 |
|
|
|a BOA001
|b CDR-1459.825
|
| 990 |
|
|
|a AV
|
| 991 |
|
|
|b 202105
|c NOV
|
| 996 |
6 |
|
|b 2610856799
|c CDR-1459.825
|l MZK
|r Sklad / do 24 hodin
|n 1
|p p.v.
|w 001844169
|u 000010
|a 1
|e BOA001
|j MZK50
|s P
|